十勝バスが運行する路線バス 路線名クイズ - Statistics

General Stats
  • This quiz has been taken 6 times
  • The average score is 6 of 22
Answer Stats
Hint Answer % Correct
60 広尾線
80%
1 循環線 (白樺通 ~ 帯広駅)
60%
2 循環線 (帯広駅 ~ 白樺通)
60%
10 幕別線
60%
7 水光線
40%
17 帯広・陸別線
40%
45 十勝川温泉線
40%
49 上士幌線
40%
51 ぬかびら線
40%
3 南商線
20%
31 芽室線
20%
41 音更線
20%
72 大空団地線 (白樺通経由)
20%
14 図書館青葉線
20%
70 大空団地線 (国道38号線経由)
20%
6 東8条線
20%
3-1 南商・柏葉・振興局線
0%
21 南商あかしや線
0%
32 清水帯広線
0%
36 新町線
0%
41-1 新緑通線
0%
73 自衛隊・稲田線
0%
No matching quizzes found
Score Distribution
Percent of People with Each Score
Percentile by Number Answered
Your Score History
You have not taken this quiz